Представление документа в формате RUSMARC

Поле Инд. ПП Название Значение
Тип записи a
Библиографический уровень a
001 Контрольный номер 73abce320d8f4d4d8fc699e2dbe897cb
005 Дата корректировки 20200407131656.8
100 a Данные общей обработки 20190205 ||| 0rusy0189 ca
101 0_ a Язык текста rus
102 a Страна публикации RU
200 1_ f Первые сведения об ответственности Н.К. Рудый, И.А. Шильников
a Заглавие История уголовной политики Российского государства в борьбе с рецидивной преступностью
b Общее обозначение материала Текст
210 1_ d Дата издания 2019
461 _0 1 2000
a История государства и права
463 _0 1 2000
a № 1
v С. 46-50
1 2101
d 2019
1 0010514c02c72b545a98c780f3817d78942
606 a Основная рубрика Право. Юридические науки
x Основная подрубрика Уголовное право
610 0_ a Ключевые слова ИСТОРИЯ ПРАВА РОССИИ
a Ключевые слова УГОЛОВНАЯ ПОЛИТИКА
a Ключевые слова ПРЕСТУПЛЕНИЕ ПРОФИЛАКТИКА
a Ключевые слова ПРЕСТУПЛЕНИЕ РЕЦИДИВ
700 _1 a Фамилия Рудый
b Имя Н.К.
701 _1 a Фамилия Шильников
b Имя И.А.
801 _0 a Страна RU
b Организация РГУП
c Дата составления 20190205
g Правила каталогизации PSBO
801 _1 a Страна RU
b Организация РГУП
c Дата составления 20190205
g Правила каталогизации PSBO
901 t Тип документа b
w Контрольный № источника 0514c02c72b545a98c780f3817d78942
905 a Дата ввода 20190205